Numerical results of Quasi-Newton methods for unconstrained function minimization

Guardado en:
Detalles Bibliográficos
Autor principal: Heuts, R.M.J
Otros Autores: Vandaele, W.N
Formato: Libro
Lenguaje:inglés
Publicado: Tilburg Institute of Economics 1971
Etiquetas: Agregar Etiqueta
Sin Etiquetas, Sea el primero en etiquetar este registro!

MARC

LEADER 00000nam a2200000 4500
001 0222793
005 20240822101702.2
041 0 |a eng 
044 |a NL 
245 1 0 |a Numerical results of Quasi-Newton methods for unconstrained function minimization  |c R.M.J. Heuts, W.N. Vandaele 
264 1 |a Tilburg  |b Institute of Economics  |c 1971 
300 |a 88 s. 
100 1 |a Heuts, R.M.J. 
700 1 |a Vandaele, W.N.